=LDR 00000nam 2200000 4500 =001 NUTBA000000000000546 =005 20140325142516.0 =006 =007 =008 =020 ##$$a 979-8767-91-8 =035 ##$$a 0010-031400000000545 =082 ##$$2 634.902 =090 ##$$a 634.902 Sal d =100 ##$$a Salim $c H.S,S.H,M.S. =245 ##$$a Dasar - dasar Hukum Kehutanan =260 ##$$a Jakarta $b Sinar Grafika $c 2006 =300 ##$$a xiii,279 hlm $c 22 cm =850 ##$$a NBPNMAT =990 ##$$a 21195211/BPAP-NTB/2014 =990 ##$$a 21195212/BPAP-NTB/2014